Największe państwa świata w historii (dla geomexa) - Statystyki

Ogólne statystyki
  • Ten quiz został rozwiązany 72 razy
  • Średni wynik to 16 z 20
Statystyki odpowiedzi
Powierzchnia
(mln km²)
Państwo % Poprawnych
23,7 Rosja
96%
9,8 Stany Zjednoczone
94%
14,7 Chiny
93%
20,0 Hiszpania
93%
10,0 Kanada
91%
35,8 Wielka Brytania
89%
8,7 Brazylia
83%
13,5 Francja
83%
33,0 Mongolia
83%
10,4 Portugalia
83%
5,0 Indie
81%
6,4 Niemcy
81%
6,5 Włochy
80%
7,4 Japonia
76%
8,2 Australia
70%
4,9 Meksyk
69%
6,0 Turcja
67%
8,0 Iran
63%
5,2 Grecja
46%
13,0 Arabia Saudyjska
44%
Nie znaleziono quizów pasujących do podanych kryteriów
Rozkład punktacji
Procent ludzi z każdym wynikiem
Percentyl według liczby udzielonych odpowiedzi
Twoja historia wyników
Nie rozwiązałeś tego quizu